000 01171nam a2200373 a 4500
001 000107698
003 CHAP
005 20220329143940.0
008 131016s2013 mx a |r| |||||||spa d
010 _a104160
011 _a105132
020 _a9786071509253
040 _cCHAP
082 0 4 _a531
_bB44y 2013
100 0 0 _aBeer, Ferdinand P.
_911260
245 1 0 _aMecánica vectorial para ingenieros /
_cpor Ferdinand P. Beer, E. Russell Jhnston Jr., David F. Mazurek. y Brian P. Self.
250 _a10 ed.
260 _aMéxico, D. F. :
_bMcGraw-Hil,
_c2013.
300 _a2 v. :
_bil.
505 0 _aContenido : v.1 Estática v.2 Dinámica
534 _pTít. original :
_tVector mechanics for engineers
590 _aE11695DGD
_b10
_c20131016
_lUCH01
_h1024
590 _aE11695DGD
_b10
_c20131016
_lUCH01
_h1030
590 _aE11695DGD
_b10
_c20131016
_lUCH01
_h1056
650 1 4 _aAnálisis vectorial
_95995
650 1 4 _aDinámica.
_932626
650 1 4 _aEstática.
_938334
650 1 4 _aIngeniería mecánica.
_958260
700 0 _aJohnston, E. Russell.
_961892
700 1 _aMazurek, David F.
_9124426
901 _aBK
942 _cLIBRO
942 _n0
999 _c104160
_d104160